Chapman Library

THE NEW AMERICAN COMMENTARY (Record no. 7249)

000 -LEADER
fixed length control field 00285nam a22001217a 4500
020 ## - INTERNATIONAL STANDARD BOOK NUMBER
ISBN 080540130
050 ## - LIBRARY OF CONGRESS CALL NUMBER
Classification number BS3655.3
100 ## - MAIN ENTRY--AUTHOR NAME
Personal name TIMOTHY, GEORGE
245 ## - TITLE STATEMENT
Title THE NEW AMERICAN COMMENTARY
260 ## - PUBLICATION, DISTRIBUTION, ETC. (IMPRINT)
Place of publication UNITED STATE OF AMERICA
Name of publisher BRIADMAN & HHOLMAN
Year of publication 1994
300 ## - PHYSICAL DESCRIPTION
Number of Pages 464
942 ## - ADDED ENTRY ELEMENTS (KOHA)
Koha item type Books

No copies available.



CSUC Chapman Library is a Koha Automated Library.


Contact us: library@csuc.edu.gh.